| 000 | 00863nam a22002297a 4500 | ||
|---|---|---|---|
| 001 | 8571 | ||
| 003 | FISKH | ||
| 005 | 20250930120110.0 | ||
| 008 | 250930b cb ||||| |||| 00| 0 eng d | ||
| 020 | _a8908008071973 | ||
| 040 |
_aFISKH _beng _cFISKH _dFISKH |
||
| 050 | _aPE1449 .F44 | ||
| 082 | _a428.1 | ||
| 100 | _aFeldman, Thea | ||
| 245 | _aMy first 1000 words: A picture wordbook / | ||
| 260 |
_aGreater Noida : _bSterling, _c 2003. |
||
| 300 |
_a125 pages : _bcolor illustrations ; _c29 cm |
||
| 520 | _aJuvenile Nonfiction. Language Arts. Reference. HTML:This engaging wordbook introduces early readers to new vocabulary words with the help of their favorite Disney and Pixar characters. Key vocabulary from the child's world is introduced alongside full-color illustrations. | ||
| 650 |
_aVocabulary _v Words |
||
| 942 |
_2ddc _cBK _n0 |
||
| 999 |
_c8571 _d8571 |
||